Prognozirovanije proizvoditel'nosti truda Metody i modeli

Enregistré dans:
Détails bibliographiques
Auteur principal: Frenkel', Aleksandr Adol'fovič
Format: Livre
Langue:russe
Publié: Moskva Ekonomika 1989
Édition:1. izd.
Tags: Ajouter un tag
Pas de tags, Soyez le premier à ajouter un tag!

MARC

LEADER 00000nam a2200000 4500
001 c028292
005 20221215135812.7
041 0 |a rus 
044 |a RU 
245 1 0 |a Prognozirovanije proizvoditel'nosti truda  |b Metody i modeli  |c Aleksandr Adol'fovič Frenkel' 
250 |a 1. izd. 
264 1 |a Moskva  |b Ekonomika  |c 1989 
300 |a 213 s. 
100 1 |a Frenkel', Aleksandr Adol'fovič